[Event "Znojmo Rotunda op-A"]
[Site "Znojmo"]
[Date "2023.08.23"]
[Round "5"]
[White "Nekula, Richard"]
[Black "Hemala, Lubos"]
[Result "1/2-1/2"]
[WhiteElo "1946"]
[BlackElo "1814"]
[PlyCount "31"]
[EventDate "2023.08.19"]
[EventType "swiss"]
[EventRounds "9"]
[EventCountry "CZE"]
[SourceTitle "EXT 2024"]
[Source "ChessBase"]
[SourceDate "2023.10.10"]
[SourceVersion "1"]
[SourceVersionDate "2023.10.10"]
[SourceQuality "1"]

1. e4 e5 2. Nf3 Nc6 3. Bc4 Bc5 4. c3 Nf6 5. d3 d6 6. a4 a6 7. h3 Qe7 8. 0-0 Be6 9. b4 Bxc4 10. bxc5 Be6 11. cxd6 cxd6 12. d4 d5 13. exd5 Bxd5 14. dxe5 Bxf3 15. Qxf3 Nxe5 16. Qe2 1/2-1/2